Vývoj obchodní bilance v letech 1993-96

Vývoj obchodnej bilancie ČR v r. 1993-1996. Trvalý deficit obchodnej bilancie od II. štvrťroka 1994. Komoditná štruktúra obchodnej bilancie (importu, exportu). Teritoriálna štruktúra zahraničného obchodu (dovoz, vývoz). Ekonometrická analýza zahraničného obchodu - odhad vývoja importu, odhad vývoja...

Descrizione completa

Salvato in:
Dettagli Bibliografici
Autore principale: Kapička, M.
Natura: Capitolo di libro
Lingua:ceco
Soggetti:
Tags: Aggiungi Tag
Nessun Tag, puoi essere il primo ad aggiungerne!!

MARC

LEADER 00000naa a2200000 4500
001 r026103
005 20230922092318.1
041 0 |a cze 
044 |a CZ 
245 1 0 |a Vývoj obchodní bilance v letech 1993-96  |c M. Kapička 
520 |a Vývoj obchodnej bilancie ČR v r. 1993-1996. Trvalý deficit obchodnej bilancie od II. štvrťroka 1994. Komoditná štruktúra obchodnej bilancie (importu, exportu). Teritoriálna štruktúra zahraničného obchodu (dovoz, vývoz). Ekonometrická analýza zahraničného obchodu - odhad vývoja importu, odhad vývoja exportu, sezónnosť zahraničného obchodu. 
610 2 0 |a bilancia obchodná 
610 2 0 |a Česko 
610 2 0 |a 1993-1996 
610 2 0 |a komodity 
610 2 0 |a štruktúra vývozu 
610 2 0 |a štruktúra dovozu 
610 2 0 |a obchod zahraničný 
610 2 0 |a regióny 
610 2 0 |a analýza ekonometrická 
610 2 0 |a vývoz 
610 2 0 |a dovoz 
610 2 0 |a deficit 
100 1 |a Kapička, M.